Circulars on administrative reforms in the civil service of Malaysia (1991-1996) / (Record no. 1962)
[ view plain ]
| 000 -LEADER | |
|---|---|
| fixed length control field | nam a22 a 4500 |
| 003 - CONTROL NUMBER IDENTIFIER | |
| control field | AKMAL |
| 005 - DATE AND TIME OF LATEST TRANSACTION | |
| control field | 20170512155147.0 |
| 008 - FIXED-LENGTH DATA ELEMENTS--GENERAL INFORMATION | |
| fixed length control field | 170512s1996 my 00 eng d |
| 039 #9 - LEVEL OF BIBLIOGRAPHIC CONTROL AND CODING DETAIL [OBSOLETE] | |
| Level of rules in bibliographic description | 201305281037 |
| Level of effort used to assign nonsubject heading access points | marsila |
| Level of effort used to assign subject headings | 201205021154 |
| Level of effort used to assign classification | w_saiful |
| Level of effort used to assign subject headings | 200803061224 |
| Level of effort used to assign classification | norhidayah |
| Level of effort used to assign subject headings | 200704121527 |
| Level of effort used to assign classification | norhidayah |
| 040 ## - CATALOGING SOURCE | |
| Original cataloging agency | AKMAL |
| 082 04 - DEWEY DECIMAL CLASSIFICATION NUMBER | |
| Classification number | 354.595 AHM |
| 090 00 - LOCALLY ASSIGNED LC-TYPE CALL NUMBER (OCLC); LOCAL CALL NUMBER (RLIN) | |
| Classification number (OCLC) (R) ; Classification number, CALL (RLIN) (NR) | 354.595 |
| Local cutter number (OCLC) ; Book number/undivided call number, CALL (RLIN) | AHM |
| 100 0# - MAIN ENTRY--PERSONAL NAME | |
| Personal name | Ahmad Sarji Abdul Hamid, |
| Titles and words associated with a name | Tan Sri Dato' Seri, |
| Dates associated with a name | 1938- |
| 9 (RLIN) | 508 |
| 245 10 - TITLE STATEMENT | |
| Title | Circulars on administrative reforms in the civil service of Malaysia (1991-1996) / |
| Statement of responsibility, etc. | issued by Tan Sri Dato' Seri Ahmad Sarji bin Abdul Hamid |
| 260 ## - PUBLICATION, DISTRIBUTION, ETC. | |
| Place of publication, distribution, etc. | Kuala Lumpur : |
| Name of publisher, distributor, etc. | Government of Malaysia, |
| Date of publication, distribution, etc. | 1996 |
| 300 00 - PHYSICAL DESCRIPTION | |
| Extent | viii, [300]p. ; |
| Dimensions | 25cm. |
| 500 ## - GENERAL NOTE | |
| General note | Also published in Malay |
| 500 ## - GENERAL NOTE | |
| General note | Koleksi Peribadi YABhg. Tun Ahmad Sarji (2103122) |
| 599 ## - LOCAL NOTE | |
| Local Note | DALAM PROSES |
| 650 10 - SUBJECT ADDED ENTRY--TOPICAL TERM | |
| Topical term or geographic name entry element | Civil service |
| Geographic subdivision | Malaysia |
| 9 (RLIN) | 420 |
| 650 20 - SUBJECT ADDED ENTRY--TOPICAL TERM | |
| Topical term or geographic name entry element | Public administration |
| Geographic subdivision | Malaysia |
| 9 (RLIN) | 419 |
| 942 ## - ADDED ENTRY ELEMENTS (KOHA) | |
| Source of classification or shelving scheme | |
| Koha item type | Book |
| Withdrawn status | Lost status | Source of classification or shelving scheme | Damaged status | Not for loan | Collection code | Home library | Current library | Shelving location | Date acquired | Inventory number | Total Checkouts | Full call number | Barcode | Date last seen | Price effective from | Koha item type |
|---|---|---|---|---|---|---|---|---|---|---|---|---|---|---|---|---|
| NON-FICTION | AKMAL Melaka | AKMAL Melaka | PINJAMAN | 12.05.2017 | 002509 | 354.595 AHM | 201706219 | 12.05.2017 | 12.05.2017 | Book | ||||||
| NON-FICTION | AKMAL Melaka | AKMAL Melaka | PINJAMAN | 12.05.2017 | 002759 | 354.595 AHM | 201706221 | 12.05.2017 | 12.05.2017 | Book |
